000 00726nam a2200193Ii 4500
003 JO-AjNU
008 230606s9999||||xx |||||||||||||| ||und||
040 _aJO-AjNU
_beng
_erda
_cJO-AjNU
041 _aeng
050 1 4 _aRA971 2009
100 3 _aاعداد الحميضي ، عبدالرحمن بن حمد ,
_eauthor
_94819
245 0 0 _aتحسين الاداء وضبط الجودة في المستشفيات باللغة الانجليزية
264 3 1 _aالقاهرة :المنظمة العربية ،2009
300 _a222p
336 _atext
_btxt
_2rdacontent
337 _aunmediated
_bn
_2rdamedia
338 _avolume
_bnc
_2rdacarrier
650 4 _aالمستشفيات-الاداء -ضبط الجودة
_94820
999 _aE2495
_c2493
_d2493